ბათუმის შოთა რუსთაველის სახელმწიფო უნივერსიტეტის ბიბლიოთეკა

ქრისტიანობა, რელიგიური მოძღვრებები და ფილოსოფიური სწავლებები (ბიბ.ჩანაწერი № 56148)

000 -LEADER
fixed length control field 01008nam a2200229Ia 4500
001 - CONTROL NUMBER
control field 23249
003 - CONTROL NUMBER IDENTIFIER
control field GE_BSU
008 - FIXED-LENGTH DATA ELEMENTS--GENERAL INFORMATION
fixed length control field 181216s||||||||xx |||||||||||||| ||und||
020 ## - INTERNATIONAL STANDARD BOOK NUMBER
International Standard Book Number 9789941290442
040 ## - CATALOGING SOURCE
Transcribing agency GE_BSU
080 ## - UNIVERSAL DECIMAL CLASSIFICATION NUMBER
Universal Decimal Classification number 27-29
245 ## - TITLE STATEMENT
Title ქრისტიანობა, რელიგიური მოძღვრებები და ფილოსოფიური სწავლებები
245 ## - TITLE STATEMENT
Statement of responsibility, etc. პროექტ.ავტ. და რედ. თ. მამაცაშვილი., შემდგ. ა. ჩხეიძე., მხატვ. ლ. სილაგაძე
260 ## - PUBLICATION, DISTRIBUTION, ETC.
Place of publication, distribution, etc. თბილისი
260 ## - PUBLICATION, DISTRIBUTION, ETC.
Name of publisher, distributor, etc. პალიტრა L
260 ## - PUBLICATION, DISTRIBUTION, ETC.
Date of publication, distribution, etc. 2018
300 ## - PHYSICAL DESCRIPTION
Extent 209გვ. 20სმ. ილ.
653 ## - INDEX TERM--UNCONTROLLED
Uncontrolled term რელიგია
653 ## - INDEX TERM--UNCONTROLLED
Uncontrolled term ქრისტიანობა, რელიგიური მოძღვრებები და ფილოსოფიური სწავლებები
942 ## - ADDED ENTRY ELEMENTS (KOHA)
Koha item type წიგნი

არაა ხელმისაწვდომი ეგზემპლარები.